000 00216 a2200097 4500
001 13739
100 _aSykes, L
245 _aDouble - Decker - C-666
260 _aLondon
_bJohn & Kmilton Ltd
_c
090 _c10734
_d10734
942 _aNUST-CAE
_cM
_c819
999 _c248812
_d248812